Распределение потенциала в слое жидкого диэлектрика; Известия Томского Технологического Института [Известия ТТИ]; Т. 43

Dettagli Bibliografici
Parent link:Известия Томского Технологического Института [Известия ТТИ]/ Томский технологический институт (ТТИ).— , 1903-1925
Т. 43.— 1923
Autore principale: Кузнецов В. Д. Владимир Дмитриевич
Riassunto:Заглавие с титульного листа
Электронная версия печатной публикации
Lingua:russo
Pubblicazione: 1923
Soggetti:
Accesso online:Черно-белая версия для предварительного просмотра
Цветная версия без потери качества
Natura: MixedMaterials Elettronico Capitolo di libro
KOHA link:https://koha.lib.tpu.ru/cgi-bin/koha/opac-detail.pl?biblionumber=181492

MARC

LEADER 00000nla2a2200000 4500
001 181492
005 20231031171108.0
035 |a (RuTPU)RU\TPU\book\196745 
035 |a RU\TPU\book\196744 
090 |a 181492 
100 |a 20100608d1923 k y0rusy50 ca 
101 0 |a rus 
102 |a RU 
135 |a drnn ---uucaa 
181 0 |a i  
182 0 |a b 
200 1 |a Распределение потенциала в слое жидкого диэлектрика  |b Электронный ресурс  |f В. Д. Кузнецов 
203 |a Текст  |c электронный 
215 |a 2 файла (2.1 Мб, 21.4 Мб) 
230 |a Электронные текстовые данные (2 файла : 2.1 Мб, 21.4 Мб) 
300 |a Заглавие с титульного листа 
300 |a Электронная версия печатной публикации 
337 |a Adobe Reader 
461 1 |0 (RuTPU)RU\TPU\book\165999  |t Известия Томского Технологического Института [Известия ТТИ]  |f Томский технологический институт (ТТИ)  |d 1903-1925 
463 1 |0 (RuTPU)RU\TPU\book\196551  |t Т. 43  |d 1923  |p 118 с. 
610 1 |a электронный ресурс 
610 1 |a труды учёных ТПУ 
700 1 |a Кузнецов  |b В. Д.  |c русский физик  |c профессор, академик АН СССР  |c преподавал в ТТИ и на Сибирских высших женских курсах  |c с 1917 преподавал в ТГУ, директор СФТИ (1929-1933, 1937-1960)  |f 1887-1963  |g Владимир Дмитриевич  |2 stltpush  |3 (RuTPU)RU\TPU\pers\18076 
801 1 |a RU  |b 63413507  |c 20090320  |g PSBO 
801 2 |a RU  |b 63413507  |c 20100810  |g PSBO 
856 4 |u http://www.lib.tpu.ru/fulltext/v/Bulletin_TPU/1923/v43/a23_bw.pdf  |z Черно-белая версия для предварительного просмотра 
856 4 |u http://www.lib.tpu.ru/fulltext/v/Bulletin_TPU/1923/v43/a23_full.pdf  |z Цветная версия без потери качества 
942 |c CF